000 00469nam a2200181Ia 4500
008 100917s9999 xx 000 0 und d
082 _b61829
100 _aहुमणे राजाराम
245 _aछबिना
260 _bपरचुरे प्रकाशन
_c1973
300 _a111
365 _b10
520 _aनिबंध
630 _aछबिना
650 _aनिबंध
730 _aछबिना
942 _cBOOK
999 _c667223
_d667220